00645nam a2200157 4500003000900000020001500009040002800024082001800052110002700070245008500097260003100182300002100213504002800234505021100262650001400473CO-ViMGA a9681867025 aCO-ViMGAbspacCO-ViMGA04a657.46bC65c. aColegio de Bachilleres10aIntroducción a los impuestos /cColegio de Bachilleres.bCompendio fascicular. aMéxico :bLimusa,c2005. a302 p. ;b17 cm. aBiografía consultada. aFasciculo 1. Disposiciones generales en materia de contribuciones Fasciculo 2. Ley del impuesto al valor agregado Fasciculo 3. Impuesto sobre la renta Fasciculo 4. Impuesto al activo Fasciculo 5. La nomina.14aImpuestos